000 00730nam a2200253Ia 4500
003 OSt
005 20221006160503.0
006 a|||||r|||| 00| 0
007 ta
008 221006b |||||||| |||| 00| 0 eng d
024 _a45,299
037 _cSeries Articles
040 _aEASL
_cEASL
_beng
041 _2eng
_aeng
100 _aMaiorano Diego
_9428367
245 0 _aIndian Institutions in the early 1980s
_b The pre- history of the great transformation
260 _aNew York
_bCambridge University Press U.K
_c2014
300 _a1389-1434pp.
_ccm.
490 _v48 2
650 _a History - 1980
_9673853
650 _aAsian Studies
942 _cREF
_2CC
999 _c1113391
_d1113391